Central Library OPAC University of Rajshahi

Community health and nursing practice / (Record no. 13706)

MARC details
000 -LEADER
fixed length control field 00978pam a2200313 i 4500
001 - CONTROL NUMBER
control field 13706
003 - CONTROL NUMBER IDENTIFIER
rucl marc code BD-RjUL
005 - DATE AND TIME OF LATEST TRANSACTION
control field 20211208235511.0
008 - FIXED-LENGTH DATA ELEMENTS--GENERAL INFORMATION
fixed length control field 140201s1980 njua b 001 0 eng b
020 ## - INTERNATIONAL STANDARD BOOK NUMBER
International Standard Book Number 0131531719
035 ## - SYSTEM CONTROL NUMBER
System control number (BD-RjUL)13758
040 ## - CATALOGING SOURCE
Original cataloging agency DLC
Transcribing agency DLC
Modifying agency DLC
-- BD-RjUL
Language of cataloging eng
041 ## - LANGUAGE CODE
Language code of text/sound track or separate title eng
060 ## - NATIONAL LIBRARY OF MEDICINE CALL NUMBER
Classification number WY106 B474c
082 00 - DEWEY DECIMAL CLASSIFICATION NUMBER
Classification number 362.10425
Author mark and year BEC 1980
100 1# - MAIN ENTRY--PERSONAL NAME
Personal name Benson, Evelyn Rose.
9 (RLIN) 42882
245 10 - TITLE STATEMENT
Title Community health and nursing practice /
Statement of responsibility, etc. Evelyn Rose Benson, Joan Quinn McDevitt.
250 ## - EDITION STATEMENT
Edition statement 2d ed.
260 ## - PUBLICATION, DISTRIBUTION, ETC. (IMPRINT)
Place of publication, distribution, etc. Englewood Cliffs, N.J. :
Name of publisher, distributor, etc. Prentice-Hall,
Date of publication, distribution, etc. c1980.
300 ## - PHYSICAL DESCRIPTION
Pagination xiii, 370 p. :
Illustrations ill. ;
Size 25 cm.
504 ## - BIBLIOGRAPHY, ETC. NOTE
Bibliography, etc Incudes bibliographies and index.
650 #0 - SUBJECT ADDED ENTRY--TOPICAL TERM
Topical term or geographic name as entry element Community health nursing.
9 (RLIN) 42883
Topical term or geographic name as entry element Community health services.
9 (RLIN) 42884
Topical term or geographic name as entry element Community health nursing.
9 (RLIN) 42885
700 1# - ADDED ENTRY--PERSONAL NAME
Personal name McDevitt, Joan Quinn,
Relator term joint author.
942 ## - ADDED ENTRY ELEMENTS (KOHA)
Source of classification or shelving scheme Dewey Decimal Classification
Koha item type Books
Holdings
Lost status Source of classification or shelving scheme Damaged status Not for loan Collection code Permanent Location Current Location Shelving location Date acquired Source of acquisition Total Checkouts Full call number Date last seen Copy number Koha item type
  Dewey Decimal Classification   Not For Loan Non-fiction Central Library, University of Rajshahi Central Library, University of Rajshahi Reading Room 12/11/1992 Asia foundation   362.10425 BEC 1980 01/02/2014 C-1 Books